000 00453nam a22001697a 4500
005 20251108164220.0
008 250721s1984 xx 000 0 ara d
082 1 4 _a780/جور
100 1 _aفرح، جورج
245 1 0 _aمبادئ العلوم الموسيقيه /
250 _aط3.
264 1 _aبيروت :
_bدار و مكتبة الحياه،
_c1984.
300 _a107ص
650 1 7 _aالموسيقى
942 _2ddc
_cBK
999 _c6588
_d6588